Language Quiz

Random Language or Letter Quiz

Word Wheels X Quiz Stats

 Plays Quiz Updated Jun 24, 2020

     
Support Sporcle.
Go Orange.
Score 0/12 Timer 06:00
1 Play Today
% Correct
R - Workshop
92.7%
E - Employee
84.1%
X - Exchange
83.6%
W - Hardware
79.2%
B - Bacteria
77.9%
I - Precious
77.6%
J - Adjacent
75.4%
A - Abstract
74.9%
Y - Dynamics
73.9%
V - Medieval
68.6%
T - Integral
64.7%
G - Surgical
63.8%

From the Vault

Multi-Category Minefield Blitz XXI

by Thebiguglyalien

This is more about speed than anything else.
Remove Ads.
Support Sporcle.
Get the best of Sporcle when you Go Orange. This ad-free experience offers more features, more stats, and more fun while also helping to support Sporcle. Thank you for becoming a member.

Show Comments

Extras

Top Quizzes Today


Score Distribution

Your Account Isn't Verified!

In order to create a playlist on Sporcle, you need to verify the email address you used during registration. Go to your Sporcle Settings to finish the process.

Report this User

Report this user for behavior that violates our Community Guidelines.

Details: